[Event "DRUZYNOWE MISTRZOSTWA POLSKI - II LIGA 2018"]
[Site "Jastrzebia Gora"]
[Date "1899-12-30"]
[Round "6.47"]
[White "Rawski, Slawomir"]
[Black "Galuszka, Tomasz"]
[Result "1/2-1/2"]
[WhiteTitle "FM"]
[BlackTitle "I++"]
[WhiteElo "2126"]
[BlackElo "2090"]

1. d4 d5 2. c4 c6 3. Nc3 Nf6 4. Bg5 e6 5. e3 Nbd7 6. Qc2 Be7 7. cxd5 exd5 8. Bd3
O-O 9. Nge2 Re8 10. O-O Nf8 11. f3 Be6 12. e4 dxe4 13. fxe4 Ng4 14. Bxe7 Qxe7
15. Rf3 c5 16. d5 Bd7 17. Qd2 Ne5 18. Rf2 a6 19. a4 Qd6 20. a5 Nfg6 21. h3 c4
22. Bc2 Qb4 23. Ra2 Rac8 24. Ba4 Bxa4 25. Rxa4 Qc5 26. Qd4 Nd3 27. Qxc5 Rxc5 28.
Rf1 Nge5 29. Nd4 Rc7 30. Ra2 Nb4 31. Raa1 Ned3 32. Rab1 Nc5 33. d6 Rd7 34. Nf5
Nc6 35. Rbd1 Kf8 36. Rfe1 g6 37. Ne3 Nxe4 38. Nxc4 Nxc3 39. Rxe8+ Kxe8 40. bxc3
f6 41. Kf2 Ne5 42. Nxe5 fxe5 43. c4 Rf7+ 44. Ke3 Kd7 45. g3 h5 46. Ke4 h4 47.
gxh4 Rf4+ 48. Kd5 Rxh4 49. c5 Rxh3 50. Rb1 Kc8 51. Ke6 Rh7 52. Rf1 Rh8 53. Kxe5
g5 54. Rf5 Rg8 55. Ke6 g4 56. Kf7 Rh8 57. Rg5 Kd7 58. Rxg4 Rh5 59. Rc4 Rf5+ 60.
Kg6 Re5 61. Kf6 Rh5 62. Rc2 Rd5 1/2-1/2

[Event "DRUZYNOWE MISTRZOSTWA POLSKI - II LIGA 2018"]
[Site "Jastrzebia Gora"]
[Date "1899-12-30"]
[Round "6.48"]
[White "Buchta, Agnieszka"]
[Black "Smarsz, Agata"]
[Result "0-1"]
[WhiteTitle "I++"]
[BlackTitle "m"]
[WhiteElo "1852"]
[BlackElo "2109"]

1. e4 c5 2. Nf3 d6 3. d4 cxd4 4. Nxd4 a6 5. Nc3 Nf6 6. Be2 e6 7. O-O Be7 8. f4
Nc6 9. Be3 O-O 10. Qe1 Qc7 11. Qg3 Nxd4 12. Bxd4 b5 13. a3 Bb7 14. Rae1 d5 15.
exd5 Bc5 16. Bxc5 Qxc5+ 17. Kh1 exd5 18. Bd3 Rfe8 19. Re5 h6 20. Rfe1 b4 21. axb4
Qxb4 22. Rxe8+ Rxe8 23. Rxe8+ Nxe8 24. Nd1 Qd2 25. Qf3 Nf6 26. Qf1 d4 27. b3 Ng4
28. Qe2 Qxd1+ 29. Qxd1 Nf2+ 30. Kg1 Nxd1 0-1

[Event "DRUZYNOWE MISTRZOSTWA POLSKI - II LIGA 2018"]
[Site "Jastrzebia Gora"]
[Date "1899-12-30"]
[Round "6.49"]
[White "Grela, Kacper"]
[Black "Nowicki, Bartosz"]
[Result "0-1"]
[WhiteTitle "FM"]
[BlackTitle "k++"]
[WhiteElo "2284"]
[BlackElo "2275"]

1. d4 d6 2. c4 g6 3. Nc3 Bg7 4. e4 Nf6 5. Be2 O-O 6. Be3 e5 7. d5 c6 8. f3 cxd5
9. Nxd5 Nc6 10. Nc3 Nd4 11. Bd3 Nh5 12. Qd2 Nf4 13. Bxd4 exd4 14. Nd5 Nxd3+ 15.
Qxd3 f5 16. Ne2 fxe4 17. fxe4 Bg4 18. O-O-O Qg5+ 19. Kb1 Rf2 20. Rhe1 Rxg2 21.
h3 Bh5 22. Rc1 Rf8 23. Nc7 Rf3 24. Qd1 Qe5 25. Rc2 d3 26. Rd2 Rxe2 27. Rdxe2 dxe2
28. Rxe2 Re3 0-1

[Event "DRUZYNOWE MISTRZOSTWA POLSKI - II LIGA 2018"]
[Site "Jastrzebia Gora"]
[Date "1899-12-30"]
[Round "6.50"]
[White "Parol, Pawel"]
[Black "Komendecki, Jacek"]
[Result "1-0"]
[WhiteTitle "k"]
[BlackTitle "k"]
[WhiteElo "2157"]
[BlackElo "2116"]

1. d4 Nf6 2. c4 e6 3. g3 d5 4. Nf3 Bb4+ 5. Bd2 Be7 6. Bg2 O-O 7. O-O Ne4 8. Qc2
Nd7 9. Rd1 c6 10. Nc3 f5 11. b3 Qe8 12. Be3 Qh5 13. Ne5 Nxc3 14. Bf3 Nxe2+ 15.
Qxe2 Qe8 16. Nxd7 Bxd7 17. Bg2 Bd6 18. f4 h6 19. Bf3 Qd8 20. Qd2 Be7 21. Re1 Bf6
22. Rac1 g5 23. Kf1 Rf7 24. Ke2 a5 25. a3 Rg7 26. Kd1 Be8 27. Qe2 dxc4 28. Qxc4
g4 29. Bg2 Qd6 30. Ke2 Re7 31. Qc5 Qxc5 32. Rxc5 Rd7 33. Rc4 Bf7 34. Rd1 e5 35.
fxe5 Bxc4+ 36. bxc4 Bg5 37. d5 Bxe3 38. Kxe3 Kg7 39. d6 Kf7 40. Kf4 Ke6 41. a4
Ra6 42. c5 b5 43. axb5 Kd5 44. Ke4+ 1-0

[Event "DRUZYNOWE MISTRZOSTWA POLSKI - II LIGA 2018"]
[Site "Jastrzebia Gora"]
[Date "1899-12-30"]
[Round "6.51"]
[White "Kowalak, Piotr"]
[Black "Graczyk, Damian"]
[Result "1/2-1/2"]
[WhiteTitle "k"]
[BlackTitle "k"]
[WhiteElo "2110"]
[BlackElo "2122"]

1. e4 c6 2. c4 e5 3. Nf3 d6 4. d4 Nd7 5. Nc3 Ngf6 6. Be2 Be7 7. O-O O-O 8. Be3
Qc7 9. d5 cxd5 10. cxd5 Nc5 11. Rc1 Qb8 12. Nd2 Bd7 13. f3 b5 14. b4 Na4 15. Nxa4
bxa4 16. a3 Rc8 17. Nc4 Bd8 18. Qd2 Ne8 19. Rc2 f5 20. Bd3 fxe4 21. fxe4 Nf6 22.
h3 Bb5 23. Rfc1 a5 24. Nxa5 Rxc2 25. Qxc2 Bxd3 26. Qxd3 Bxa5 27. bxa5 Rxa5 28.
Rb1 Qc8 29. Rb4 h6 30. Kh2 Kh7 31. Rb6 1/2-1/2

[Event "DRUZYNOWE MISTRZOSTWA POLSKI - II LIGA 2018"]
[Site "Jastrzebia Gora"]
[Date "1899-12-30"]
[Round "6.52"]
[White "Smolka, Marcin"]
[Black "Madera, Mateusz"]
[Result "1-0"]
[WhiteTitle "k"]
[BlackTitle "I+"]
[WhiteElo "2194"]
[BlackElo "1937"]

1. e4 c5 2. c4 Nc6 3. Ne2 e5 4. Nbc3 g6 5. d3 Bg7 6. g3 d6 7. Bg2 Nge7 8. O-O O-O
9. Be3 Rb8 10. f4 f5 11. fxe5 Nxe5 12. b3 Be6 13. Qd2 Ng4 14. Bf4 Nc6 15. Rae1
a6 16. Kh1 Qd7 17. Nd1 Rbe8 18. Ne3 fxe4 19. dxe4 Nge5 20. Rd1 Rd8 21. Bg5 Rxf1+
22. Rxf1 Rf8 23. Rxf8+ Kxf8 24. Nd5 Bxd5 25. exd5 Ne7 26. Nf4 Nf5 27. Ne6+ Kg8
28. Be4 Ne7 29. Qf4 Nf7 30. Bf6 Bh6 31. Qf2 b5 32. g4 bxc4 33. bxc4 Nc8 34. Qc2
Ne5 35. Bxe5 dxe5 36. Bxg6 hxg6 37. Qxg6+ Bg7 38. Nxg7 Qxg7 39. Qe6+ Kh7 40. Qxc8
e4 41. Qf5+ Kg8 42. Qe6+ Kh8 43. Qe8+ Kh7 44. Qxe4+ Kh8 45. Qe2 Qa1+ 46. Kg2 Qd4
47. g5 1-0

[Event "DRUZYNOWE MISTRZOSTWA POLSKI - II LIGA 2018"]
[Site "Jastrzebia Gora"]
[Date "1899-12-30"]
[Round "6.53"]
[White "Krawiec, Grzegorz"]
[Black "Zychowicz, Marcin"]
[Result "1-0"]
[WhiteTitle "I"]
[BlackTitle "II+"]
[WhiteElo "1779"]
[BlackElo "1863"]

1. e4 c5 2. Nf3 d6 3. d4 cxd4 4. Nxd4 Nf6 5. Nc3 a6 6. g3 g6 7. Bg2 Bg4 8. Qd2
Bg7 9. b3 Qb6 10. Bb2 Nc6 11. Nxc6 bxc6 12. e5 dxe5 13. Na4 Qc7 14. Qc3 Nd7 15.
Qxc6 Qxc6 16. Bxc6 Rc8 17. Bb7 Rxc2 18. Bxa6 Nc5 19. Bb5+ Kd8 20. Rc1 Rxc1+ 21.
Bxc1 Kc7 22. Nxc5 Kb6 23. Be2 Bxe2 24. Na4+ 1-0

[Event "DRUZYNOWE MISTRZOSTWA POLSKI - II LIGA 2018"]
[Site "Jastrzebia Gora"]
[Date "1899-12-30"]
[Round "6.54"]
[White "Parol, Pola"]
[Black "Karykowska, Anna"]
[Result "1-0"]
[WhiteTitle "WFM"]
[BlackTitle "k"]
[WhiteElo "2108"]
[BlackElo "1836"]

1. e4 c5 2. Nf3 e6 3. d4 cxd4 4. Nxd4 Nc6 5. Nc3 a6 6. Be2 Qc7 7. O-O Nf6 8. Be3
Bb4 9. Na4 Bd6 10. f4 Nxe4 11. Nxc6 bxc6 12. Nb6 Rb8 13. Nxc8 Rxc8 14. Bxa6 Ra8
15. Bd3 Nc5 16. Qg4 g6 17. Bd4 O-O 18. Qg5 f5 19. h4 Ra4 20. Be3 Ne4 21. Bxe4
Rxe4 22. Qg3 e5 23. Qf3 exf4 24. Bf2 Be5 25. Rfe1 d5 26. c3 Re8 27. a4 Ra8 28.
Rec1 Rexa4 29. Rxa4 Rxa4 30. b4 Kg7 31. Qd3 Ra8 32. b5 cxb5 33. Qxd5 Rc8 34. Qxb5
Qd6 35. c4 Bd4 36. Bxd4+ Qxd4+ 37. Kh1 Rc7 38. Qb3 Qf2 39. Qc3+ Kh6 40. Qe5 Rxc4
1-0

[Event "DRUZYNOWE MISTRZOSTWA POLSKI - II LIGA 2018"]
[Site "Jastrzebia Gora"]
[Date "1899-12-30"]
[Round "6.55"]
[White "Krzywda, Andrzej"]
[Black "Brzezinski, Mateusz"]
[Result "1-0"]
[WhiteTitle "CM"]
[BlackTitle "k"]
[WhiteElo "2232"]
[BlackElo "2164"]

1. e4 c5 2. Nf3 Nc6 3. d4 cxd4 4. Nxd4 e5 5. Nb5 d6 6. c4 Be7 7. N1c3 a6 8. Na3
f5 9. exf5 Bxf5 10. Bd3 Be6 11. Nc2 Nf6 12. O-O Qd7 13. Bg5 O-O 14. Qd2 Rac8 15.
Rad1 Nd4 16. Nxd4 exd4 17. Ne2 Bxc4 18. Nxd4 Bxd3 19. Qxd3 Rc5 20. Qb3+ d5 21.
Rfe1 Rc4 22. Ne6 Rfc8 23. Nf4 Bc5 24. Nd3 Ba7 25. Bxf6 gxf6 26. Nb4 d4 27. Qg3+
Kh8 28. Nd3 Bb8 29. Qf3 R4c6 30. g3 Rd8 31. Kg2 b5 32. Re2 Re8 33. Rxe8+ Qxe8
34. Re1 Qd7 35. Qe4 Rc8 36. h4 Rd8 37. h5 Qf7 38. Qf5 Kg8 39. Re6 Rd6 40. Re4
Rd8 41. Kg1 Kf8 42. Nc5 Kg8 43. h6 Re8 44. Rg4+ Kf8 45. Nd7+ 1-0

[Event "DRUZYNOWE MISTRZOSTWA POLSKI - II LIGA 2018"]
[Site "Jastrzebia Gora"]
[Date "1899-12-30"]
[Round "6.56"]
[White "Kujawski, Adam"]
[Black "Szymanski, Piotr"]
[Result "0-1"]
[WhiteTitle "k"]
[BlackTitle "CM"]
[WhiteElo "2209"]
[BlackElo "2242"]

1. e4 d5 2. exd5 Qxd5 3. Nc3 Qd8 4. d4 Nf6 5. Bc4 Bg4 6. f3 Bf5 7. g4 Bg6 8. h4
h5 9. g5 Nfd7 10. Bf4 e6 11. a3 Nb6 12. Ba2 Bd6 13. Nge2 Nc6 14. Bxd6 Qxd6 15.
Qd2 O-O-O 16. O-O-O a6 17. Ne4 Qe7 18. Qc3 Nd5 19. Bxd5 exd5 20. N4g3 Qd6 21.
Qd2 Ne7 22. Rde1 Nf5 23. Nxf5 Bxf5 24. Nf4 f6 25. Rhg1 g6 26. Ng2 Kb8 27. Ne3
Bc8 28. Qf2 Rhf8 29. Qg3 Qxg3 30. Rxg3 fxg5 31. Rxg5 Rxf3 32. Nxd5 Rh3 33. Ne7
Rxd4 34. Rxg6 Bg4 35. Rg8+ Ka7 36. c3 Rf4 37. Nd5 Rf2 38. Nxc7 Rhh2 39. Ra8+ Kb6
40. Nd5+ Kc6 41. Nb4+ Kb6 42. Rg8 Rxb2 43. Rg6+ Kb5 44. c4+ Ka4 45. Rb6 Kxa3 46.
Re3+ Ka4 0-1

[Event "DRUZYNOWE MISTRZOSTWA POLSKI - II LIGA 2018"]
[Site "Jastrzebia Gora"]
[Date "1899-12-30"]
[Round "6.57"]
[White "Zgadzaj, Rafal"]
[Black "Mazalon, Mariusz"]
[Result "1-0"]
[WhiteTitle "k"]
[BlackTitle "k"]
[WhiteElo "2154"]
[BlackElo "2012"]

1. d4 d5 2. c4 e6 3. Nf3 c5 4. Nc3 Nc6 5. Bf4 a6 6. dxc5 d4 7. Ne4 Bxc5 8. Nxc5
Qa5+ 9. Qd2 Qxc5 10. e3 dxe3 11. Bxe3 Qe7 12. Be2 Nf6 13. O-O O-O 14. Nd4 Bd7
15. Nb3 Rfc8 16. Rfd1 e5 17. Rac1 Bf5 18. Na5 Nxa5 19. Qxa5 Be4 20. Bb6 Bc6 21.
Rc3 Nd7 22. Bc7 f5 23. Bd6 Qf6 24. c5 h6 25. Bc4+ Kh8 26. Bd5 b6 27. Bxc6 Rxc6
28. Qa4 Rac8 29. cxb6 Nxb6 30. Qxa6 Rxc3 31. bxc3 Qd8 32. Qe2 e4 33. Be5 Qe7 34.
Qb5 Nc4 35. Bd4 f4 36. Qf5 Rf8 37. Qg6 Kg8 38. Re1 e3 39. Qd3 exf2+ 40. Bxf2 Qf7
41. Bc5 Nb2 42. Qe2 Rc8 43. Bd4 Na4 44. Qa6 Qd7 45. Qg6 Nb2 46. Bxg7 Qxg7 47.
Qe6+ Kh7 48. Qf5+ 1-0

[Event "DRUZYNOWE MISTRZOSTWA POLSKI - II LIGA 2018"]
[Site "Jastrzebia Gora"]
[Date "1899-12-30"]
[Round "6.58"]
[White "Gralka, Przemyslaw"]
[Black "Malecki, Rafal"]
[Result "1-0"]
[WhiteTitle "k"]
[BlackTitle "k+"]
[WhiteElo "2208"]
[BlackElo "2030"]

1. d4 g6 2. e4 d6 3. Nf3 Bg7 4. Bd3 Nc6 5. c3 e5 6. dxe5 dxe5 7. O-O Nf6 8. Qc2
Bg4 9. Nbd2 Nh5 10. h3 Nf4 11. Bb5 Bd7 12. Nc4 Qe7 13. Ne3 O-O 14. Nd5 Nxd5 15.
exd5 Nb4 16. Qa4 Nxd5 17. Bxd7 Nb6 18. Qe4 Qxd7 19. Qxb7 a5 20. Re1 Rfe8 21. Qe4
Qd5 22. Qc2 a4 23. Rd1 Qc6 24. Rb1 Nd5 25. Qe4 Rad8 26. Bg5 f6 27. c4 Nb4 28.
Qxc6 Nxc6 29. Be3 Na5 30. Nd2 Rd3 31. Kf1 Red8 32. Ke2 Bf8 33. b4 axb3 34. axb3
Bb4 35. Ne4 Rxd1 36. Rxd1 Be7 37. Rxd8+ Bxd8 38. Nd2 Kf7 39. Kd3 f5 40. f3 Be7
41. c5 Ke6 42. b4 Nc6 43. Kc4 h5 44. Nb3 f4 45. Bf2 g5 46. b5 Nd8 47. c6 Nf7 48.
Nc5+ Kf5 49. Kd5 Nd6 50. b6 cxb6 51. Nd7 e4 52. fxe4+ Nxe4 53. c7 Nd6 54. Nxb6
g4 55. Bc5 Nc8 56. Nxc8 1-0

[Event "DRUZYNOWE MISTRZOSTWA POLSKI - II LIGA 2018"]
[Site "Jastrzebia Gora"]
[Date "1899-12-30"]
[Round "6.60"]
[White "Mackiewicz, Anna"]
[Black "Chmiel, Dominika"]
[Result "1/2-1/2"]
[WhiteTitle "k+"]
[BlackTitle "m"]
[WhiteElo "1850"]
[BlackElo "2098"]

1. b3 e5 2. Bb2 Nc6 3. e3 d5 4. Bb5 Bd6 5. f4 f6 6. Nh3 Be6 7. Bxc6+ bxc6 8. O-O
Nh6 9. fxe5 fxe5 10. Qh5+ Bf7 11. Qg5 O-O 12. Nc3 Qd7 13. Rf3 Bg6 14. Rg3 Rf5
15. Qh4 Rh5 16. Qa4 Bxc2 17. Nxd5 Kh8 18. Nb4 Bf5 19. Qxc6 Rf8 20. Qxd7 Bxd7 21.
Nd3 Bb5 22. Ndf2 Bd7 23. Rg5 Rf5 24. Rxh5 Rxh5 25. a4 Be6 26. Rb1 Rh4 27. Bc3
Nf7 28. e4 Bxh3 29. Nxh3 Rxe4 30. Rf1 Nh6 31. Ng5 Rg4 32. Ne6 Rg6 33. Nd8 Kg8
34. Nb7 Nf7 35. Nxd6 cxd6 36. Rf3 d5 37. Bb4 h6 38. Rc3 Rb6 39. Bc5 Rb7 40. b4
Ng5 41. d3 Kf7 42. Kf2 Ke6 43. Ke2 d4 44. Rc1 Kd5 45. b5 Ne6 46. Ba3 e4 47. dxe4+
Kxe4 48. Bd6 Rf7 49. Bg3 Kd5 50. Rc8 Nc5 51. a5 Rb7 52. Rc7 Rxb5 53. Rxa7 Rb2+
54. Kf3 d3 55. Rxg7 d2 56. Ke2 Ne4 57. Rd7+ Kc4 58. Be5 Rb1 59. Rxd2 Nxd2 60.
Kxd2 Kb5 61. Bc3 Rg1 1/2-1/2

[Event "DRUZYNOWE MISTRZOSTWA POLSKI - II LIGA 2018"]
[Site "Jastrzebia Gora"]
[Date "1899-12-30"]
[Round "6.61"]
[White "Bednarek, Sylwester"]
[Black "Gumula, Daniel"]
[Result "1-0"]
[WhiteTitle "FM"]
[BlackTitle "FM"]
[WhiteElo "2336"]
[BlackElo "2218"]

1. d4 Nf6 2. Bg5 c6 3. Bxf6 exf6 4. e3 Qb6 5. Qc1 d5 6. Ne2 Bd6 7. Nd2 Be6 8. g3
g5 9. c4 Bb4 10. Nc3 dxc4 11. a3 Be7 12. Bxc4 Nd7 13. Qc2 f5 14. O-O Nf6 15. Na4
Qc7 16. Nc5 Bxc5 17. Bxe6 fxe6 18. Qxc5 h5 19. e4 O-O-O 20. exf5 Rd5 21. Qc2 exf5
22. Nc4 h4 23. Ne3 f4 24. Nxd5 Nxd5 25. Qf5+ Kb8 26. Qe5 Qxe5 27. dxe5 hxg3 28.
fxg3 Kc7 29. Rae1 Kd7 30. h4 fxg3 31. e6+ Kd6 32. hxg5 Rg8 33. e7 Nxe7 34. Rf6+
Kd7 35. Rf7 Re8 36. g6 Kd6 37. g7 Kd5 1-0

[Event "DRUZYNOWE MISTRZOSTWA POLSKI - II LIGA 2018"]
[Site "Jastrzebia Gora"]
[Date "1899-12-30"]
[Round "6.62"]
[White "Kolosowski, Pawel"]
[Black "Lisowski, Krzysztof"]
[Result "0-1"]
[WhiteTitle "m"]
[BlackTitle "k"]
[WhiteElo "2208"]
[BlackElo "2061"]

1. e4 c5 2. Nc3 Nc6 3. g3 g6 4. Bg2 Bg7 5. d3 d6 6. Be3 Rb8 7. f4 b6 8. Qd2 Qd7
9. Nf3 Nf6 10. h3 O-O 11. g4 Ba6 12. Qf2 Ne8 13. O-O-O b5 14. d4 b4 15. Ne2 c4
16. d5 Na5 17. Bd4 Qa4 18. Bxg7 Nxg7 19. Qd4 Qxa2 20. Kd2 c3+ 21. Ke3 Qxb2 22.
Rc1 Nb3 23. Qd1 Bxe2 24. Kxe2 Nxc1+ 25. Qxc1 b3 26. Nd4 Qxc1 27. Rxc1 b2 28. Rb1
a5 29. Kd3 a4 30. Ne2 Rfc8 31. Nxc3 Rxc3+ 32. Kxc3 a3 33. Bf1 a2 0-1

[Event "DRUZYNOWE MISTRZOSTWA POLSKI - II LIGA 2018"]
[Site "Jastrzebia Gora"]
[Date "1899-12-30"]
[Round "6.63"]
[White "Migala, Andrzej"]
[Black "Stachanczyk, Jacek"]
[Result "1/2-1/2"]
[WhiteTitle "k"]
[BlackTitle "IM"]
[WhiteElo "2015"]
[BlackElo "2171"]

1. e4 c5 2. Be2 Nc6 3. f4 d5 4. d3 g6 5. Nf3 Bg7 6. c3 e5 7. Nxe5 Nxe5 8. fxe5
Bxe5 9. Bf3 Ne7 10. Be3 Qd6 11. exd5 Nxd5 12. Bxc5 Qxc5 13. d4 Bxd4 14. Qxd4 Qxd4
15. cxd4 Be6 16. Nc3 O-O-O 17. Kf2 Kb8 18. Bxd5 Bxd5 19. Rhe1 Rd7 20. Rad1 Rhd8
21. g3 Bc6 22. Ke3 Re7+ 23. Kf2 Red7 24. Ke3 Re7+ 25. Kf2 Red7 26. Ke3 1/2-1/2

[Event "DRUZYNOWE MISTRZOSTWA POLSKI - II LIGA 2018"]
[Site "Jastrzebia Gora"]
[Date "1899-12-30"]
[Round "6.64"]
[White "Guzik, Jolanta"]
[Black "Rak, Tomasz"]
[Result "1-0"]
[WhiteTitle "WFM"]
[BlackTitle "k"]
[WhiteElo "1992"]
[BlackElo "2018"]

1. c4 Nf6 2. Nc3 g6 3. g3 Bg7 4. Bg2 O-O 5. a3 a5 6. e3 d6 7. Nge2 e5 8. O-O Nfd7
9. Rb1 f5 10. d3 Nc6 11. b4 axb4 12. axb4 Ne7 13. Qb3 Kh8 14. Bd2 c6 15. f4 Nf6
16. b5 Be6 17. Rfc1 Bg8 18. Qc2 e4 19. bxc6 bxc6 20. dxe4 Bxc4 21. exf5 gxf5 22.
Nd4 d5 23. Ne6 Qd7 24. Nxf8 Rxf8 25. Na4 Qe8 26. Nc5 Ng6 27. Rb7 Ng4 28. Re1 Nf6
29. Bc3 Rf7 30. Rxf7 Qxf7 31. Qxf5 Nf8 32. Rb1 Bb5 33. Bd4 Qe7 34. h4 Ne8 35.
Kh2 Bxd4 36. exd4 Nf6 37. Ra1 h5 38. Bf3 Kg7 39. Qe5 Qf7 40. Ra8 Ng6 41. Ne6+
Kh6 42. Qg5+ Kh7 43. f5 Ne7 44. Rf8 Bc4 45. Kg1 1-0

[Event "DRUZYNOWE MISTRZOSTWA POLSKI - II LIGA 2018"]
[Site "Jastrzebia Gora"]
[Date "1899-12-30"]
[Round "6.65"]
[White "Kietrys, Maciej"]
[Black "Siedlinski, Piotr"]
[Result "0-1"]
[WhiteTitle "I"]
[BlackTitle "k"]
[WhiteElo "1730"]
[BlackElo "2081"]

1. e4 e5 2. Nf3 Nc6 3. Bc4 Nf6 4. Nc3 Nxe4 5. Bxf7+ Kxf7 6. Nxe4 d5 7. Neg5+ Kg8
8. d4 h6 9. Nh3 e4 10. Ne5 Nxe5 11. dxe5 Bxh3 12. gxh3 c6 13. Bf4 Qh4 14. Qd2
Qh5 15. Rg1 Kh7 16. Rg3 Be7 17. Qe2 Qxe2+ 18. Kxe2 Rhf8 19. Be3 Rf5 20. Rag1 Bf8
21. e6 Re8 22. Bd4 g5 23. h4 c5 24. Be3 Kg6 25. hxg5 h5 26. f3 Rxe6 27. c3 Bd6
28. Rh3 exf3+ 29. Kf2 Re4 30. Rxf3 d4 31. cxd4 cxd4 32. Bd2 d3 33. Re1 Bc5+ 34.
Kg2 Rg4+ 35. Rg3 Rf2+ 36. Kh1 Rxd2 37. Re6+ Kf5 0-1

[Event "DRUZYNOWE MISTRZOSTWA POLSKI - II LIGA 2018"]
[Site "Jastrzebia Gora"]
[Date "1899-12-30"]
[Round "6.66"]
[White "Pluta, Natalia"]
[Black "Dabrowska, Krystyna"]
[Result "1/2-1/2"]
[WhiteTitle "I++"]
[BlackTitle "WGM"]
[WhiteElo "1816"]
[BlackElo "2201"]

1. c4 c5 2. g3 Nf6 3. Bg2 e6 4. Nf3 Be7 5. O-O d6 6. Nc3 a6 7. d4 cxd4 8. Nxd4
O-O 9. e4 Qc7 10. Qe2 Nc6 11. Be3 Bd7 12. Rac1 Rac8 13. b3 Rfe8 14. Rfd1 Qb8 15.
Nc2 Na7 16. Bb6 Bd8 17. Bxa7 Qxa7 18. Rxd6 e5 19. Qe3 Qb8 20. Rcd1 Be6 21. Bf1
Be7 22. R6d2 Ng4 23. Qf3 Bg5 24. Rd6 Nh6 25. h3 f5 26. Ne3 f4 27. Ng4 Nf7 28.
R6d3 h5 29. Nh2 fxg3 30. fxg3 h4 31. g4 b5 32. cxb5 axb5 33. Qg2 b4 34. Nd5 Bxd5
35. Rxd5 Rc3 36. Nf3 Qb6+ 37. Kh1 Bf4 38. Bc4 Kh7 39. R5d3 Rxd3 40. Rxd3 Nd6 41.
Nxh4 Rc8 42. Qc2 Qc6 43. Rd1 Nxc4 44. bxc4 Qxc4 45. Qxc4 Rxc4 46. Rb1 Rxe4 47.
Rb2 Re3 48. Rb3 Re1+ 49. Kg2 Re2+ 50. Kf3 Rxa2 51. Rxb4 Ra3+ 52. Ke4 Rxh3 53.
Nf3 g5 54. Rb5 Rg3 55. Nxe5 Bxe5 56. Kxe5 Rxg4 1/2-1/2

[Event "DRUZYNOWE MISTRZOSTWA POLSKI - II LIGA 2018"]
[Site "Jastrzebia Gora"]
[Date "1899-12-30"]
[Round "6.67"]
[White "Steczek, Marcin"]
[Black "Zielinski, Przemyslaw"]
[Result "1-0"]
[WhiteTitle "FM"]
[BlackTitle "m"]
[WhiteElo "2386"]
[BlackElo "2299"]

1. c4 Nf6 2. Nc3 e6 3. e4 d5 4. e5 d4 5. exf6 dxc3 6. bxc3 Qxf6 7. d4 b6 8. Nf3
Bb7 9. Be2 Bd6 10. c5 Bf4 11. Qa4+ Bc6 12. Bb5 Bxb5 13. Qxb5+ Kd8 14. O-O c6 15.
cxb6 axb6 16. Qxb6+ Ke7 17. Qb7+ Nd7 18. Bxf4 1-0

[Event "DRUZYNOWE MISTRZOSTWA POLSKI - II LIGA 2018"]
[Site "Jastrzebia Gora"]
[Date "1899-12-30"]
[Round "6.68"]
[White "Bednarczyk, Damian"]
[Black "Walaszczyk, Witold"]
[Result "1-0"]
[WhiteTitle "k"]
[BlackTitle "k"]
[WhiteElo "2215"]
[BlackElo "2100"]

1. e4 c5 2. Nf3 g6 3. d4 cxd4 4. Nxd4 Bg7 5. c4 d6 6. Nc3 Nc6 7. Be3 Nf6 8. Be2
O-O 9. O-O Nxd4 10. Bxd4 b6 11. Qd2 Bb7 12. f3 Rc8 13. Rac1 Nd7 14. Be3 Ne5 15.
b3 Re8 16. Rfd1 Qc7 17. Bf1 Rcd8 18. Kh1 Qb8 19. Qf2 Nd7 20. a3 Rc8 21. Nb5 Ba6
22. h3 Bxb5 23. cxb5 Rxc1 24. Rxc1 Rc8 25. Qd2 Rc7 26. Qd5 Nf6 27. Qd1 Nh5 28.
Rc6 Ng3+ 29. Kg1 Bb2 30. a4 Ba3 31. Bf2 Nxf1 32. Qxf1 Qb7 33. Qc4 Bc5 34. b4 Bxf2+
35. Kxf2 Rd7 36. Qc3 e5 37. Qc4 Kg7 38. a5 bxa5 39. bxa5 h5 40. h4 Qb8 41. Rc8
Qb7 42. Qc6 Re7 43. a6 Qd7 44. Qxd7 Rxd7 45. Ke3 d5 46. exd5 Rxd5 47. b6 1-0

[Event "DRUZYNOWE MISTRZOSTWA POLSKI - II LIGA 2018"]
[Site "Jastrzebia Gora"]
[Date "1899-12-30"]
[Round "6.69"]
[White "Swiatnicki, Andrzej"]
[Black "Lapczynski, Artur"]
[Result "0-1"]
[WhiteTitle "k"]
[BlackTitle "I"]
[WhiteElo "2008"]
[BlackElo "2050"]

1. e4 c5 2. Nf3 Nc6 3. c3 e5 4. Bc4 Nf6 5. Ng5 d5 6. exd5 Nxd5 7. d4 cxd4 8. Nxf7
Kxf7 9. Qf3+ Ke6 10. O-O Be7 11. cxd4 b5 12. Bd3 Nxd4 13. Qe4 Bb7 14. Re1 Kf7
15. Nc3 Qd7 16. Qxe5 Bf6 17. Qh5+ g6 18. Qh6 Nxc3 19. bxc3 Nf3+ 20. gxf3 Qxd3
21. Be3 Qf5 22. Rad1 Bxf3 0-1

[Event "DRUZYNOWE MISTRZOSTWA POLSKI - II LIGA 2018"]
[Site "Jastrzebia Gora"]
[Date "1899-12-30"]
[Round "6.70"]
[White "Mirski, Michal"]
[Black "Smagalski, Slawomir"]
[Result "1/2-1/2"]
[WhiteTitle "I"]
[BlackTitle "I+"]
[WhiteElo "1988"]
[BlackElo "1911"]

1. e4 e5 2. Nf3 Nc6 3. Bc4 Bc5 4. O-O Nf6 5. d3 d6 6. c3 O-O 7. Bb3 a6 8. Nbd2
h6 9. Re1 Be6 10. Bc2 Ng4 11. Re2 Bxf2+ 12. Rxf2 Ne3 13. Qe2 Nxc2 14. Rb1 Bxa2
15. b3 Bxb1 16. Nxb1 Na1 17. Qa2 Nxb3 18. Qxb3 b5 19. d4 Na5 20. Qa2 Nc4 21. Na3
Nxa3 22. Bxa3 exd4 23. cxd4 a5 24. d5 Qd7 25. Nd4 b4 26. Bc1 a4 27. Nf5 a3 28.
Qa1 f6 29. Rf3 Qa4 30. Rg3 Qd1+ 31. Kf2 Qc2+ 32. Kg1 Qd1+ 33. Kf2 Qc2+ 34. Kg1
Qd1+ 35. Kf2 g5 36. Bxg5 1/2-1/2

[Event "DRUZYNOWE MISTRZOSTWA POLSKI - II LIGA 2018"]
[Site "Jastrzebia Gora"]
[Date "1899-12-30"]
[Round "6.71"]
[White "Smagalski, Jaroslaw"]
[Black "Wnek, Filip"]
[Result "0-1"]
[WhiteTitle "I"]
[BlackTitle "I"]
[WhiteElo "1916"]
[BlackElo "1806"]

1. e4 c5 2. Nc3 Nc6 3. f4 e6 4. Nf3 Nge7 5. Bb5 g6 6. d3 Bg7 7. O-O Nd4 8. Nxd4
Bxd4+ 9. Kh1 a6 10. Ba4 b5 11. Bb3 Bb7 12. f5 gxf5 13. Qh5 h6 14. Bg5 hxg5 15.
Qxg5 Qc7 16. h3 O-O-O 17. Qxe7 Qg3 18. Ne2 Rxh3+ 0-1

[Event "DRUZYNOWE MISTRZOSTWA POLSKI - II LIGA 2018"]
[Site "Jastrzebia Gora"]
[Date "1899-12-30"]
[Round "6.72"]
[White "Siwek, Kinga"]
[Black "Smolenska, Olga"]
[Result "1-0"]
[WhiteTitle "I+"]
[BlackTitle "I"]
[WhiteElo "1855"]
[BlackElo "1895"]

1. e4 d5 2. exd5 Nf6 3. d4 Nxd5 4. c4 Nb6 5. Nf3 Bg4 6. Be2 c6 7. c5 Nd5 8. O-O
Nd7 9. h3 Bh5 10. Qb3 b6 11. Bc4 bxc5 12. Bxd5 cxd5 13. dxc5 Nxc5 14. Qb5+ Nd7
15. Qxd5 Bxf3 16. Qxf3 e6 17. Bg5 Be7 18. Bxe7 Kxe7 19. Qa3+ Ke8 20. Rd1 Qb6 21.
Nd2 Qc5 22. Qa4 Rd8 23. Rac1 Qe5 24. Ne4 f5 25. Nc5 Qxb2 26. Nxd7 Ke7 27. Qxa7
Ra8 28. Qc5+ Kf7 29. Ne5+ Kf6 30. Nd3 Qxa2 31. Qe5+ Kg6 32. Nf4+ Kh6 33. Nxe6
Rhg8 34. Qxf5 g5 35. Rd7 Rg6 36. Nxg5 Ra7 37. Nf7+ Kg7 38. Qe5+ Rf6 39. Rxa7 Qxf2+
40. Kh1 Qxa7 41. Rc7 Qf2 42. Ng5+ Kg6 43. Nf3 Rxf3 44. Rg7+ 1-0

[Event "DRUZYNOWE MISTRZOSTWA POLSKI - II LIGA 2018"]
[Site "Jastrzebia Gora"]
[Date "1899-12-30"]
[Round "6.73"]
[White "Teclaf, Pawel"]
[Black "Borawski, Jakub"]
[Result "1/2-1/2"]
[WhiteTitle "CM"]
[BlackTitle "k"]
[WhiteElo "2390"]
[BlackElo "2150"]

1. e4 e5 2. Nf3 Nc6 3. Bb5 a6 4. Ba4 Nf6 5. O-O Be7 6. Re1 b5 7. Bb3 d6 8. c3 O-O
9. h3 Nb8 10. d3 c5 11. Nbd2 Qc7 12. Nf1 c4 13. dxc4 bxc4 14. Bc2 Nbd7 15. Ne3
g6 16. Qe2 Nb6 17. Nh2 Be6 18. Neg4 Nxg4 19. Nxg4 Nd7 20. Qf3 Kh8 21. Nh6 Nf6
22. b4 d5 23. exd5 Nxd5 24. Ng4 f6 25. Bh6 Rf7 26. Be4 Rd8 27. Rad1 Nb6 28. Be3
Kg7 29. Bxb6 Qxb6 30. Bd5 Bxd5 31. Rxd5 Qe6 32. Ne3 e4 33. Qd1 Rff8 34. Qd4 Bd6
35. Rd1 Be5 36. Qxc4 Rxd5 37. Qxd5 Qxd5 38. Nxd5 Rc8 39. Re1 Rc4 40. g3 Kf7 41.
Nb6 Rxc3 42. Rxe4 Ra3 43. Nc4 Rxa2 44. Nxe5+ fxe5 45. Rxe5 Ra4 46. Re4 a5 47.
Rf4+ Kg7 48. bxa5 Rxa5 49. Kg2 h5 50. Rb4 Ra3 51. Kf1 Ra2 52. Rb3 Kf6 53. Kg2
Ra6 54. Kf3 Rc6 55. Rb4 Ra6 56. Kf4 Rc6 57. f3 Re6 58. h4 Ra6 59. g4 hxg4 60.
fxg4 g5+ 1/2-1/2

[Event "DRUZYNOWE MISTRZOSTWA POLSKI - II LIGA 2018"]
[Site "Jastrzebia Gora"]
[Date "1899-12-30"]
[Round "6.74"]
[White "Daniel, Damian"]
[Black "Kempinski, Tomasz"]
[Result "0-1"]
[WhiteTitle "k"]
[BlackTitle "FM"]
[WhiteElo "2174"]
[BlackElo "2152"]

1. d4 Nf6 2. Nf3 g6 3. c4 Bg7 4. Nc3 d5 5. cxd5 Nxd5 6. Na4 O-O 7. g3 Bf5 8. a3
Nc6 9. Bg2 Be4 10. Nc3 Nxc3 11. bxc3 e5 12. e3 exd4 13. cxd4 Na5 14. O-O c5 15.
Bb2 Qd5 16. Nh4 Bxg2 17. Nxg2 Rfd8 18. Nf4 Qe4 19. Qa4 Nc6 20. Rae1 Ne5 21. Ng2
Nf3+ 22. Kh1 Nxe1 23. Rxe1 a6 24. Kg1 b5 25. Qb3 c4 26. Qd1 a5 27. f3 Qc6 28.
Nf4 c3 29. Bc1 Qc4 0-1